[Event "CRO-chT2 Center 26th"]
[Site "Croatia"]
[Date "2017.04.09"]
[Round "6.13"]
[White "Ilic, Ognjen"]
[Black "Jukic, Zeljko"]
[Result "1/2-1/2"]
[WhiteElo "2108"]
[BlackElo "2257"]
[PlyCount "61"]
[EventDate "2017.03.26"]
[EventType "team-tourn"]
[EventRounds "11"]
[EventCountry "CRO"]
[SourceTitle "EXT 2019"]
[Source "ChessBase"]
[SourceDate "2018.10.10"]
[SourceVersion "1"]
[SourceVersionDate "2018.10.10"]
[SourceQuality "1"]

1. d4 e6 2. Nf3 d5 3. c3 c5 4. e3 Nf6 5. Bd3 Nc6 6. Nbd2 Be7 7. 0-0 0-0 8. dxc5 Bxc5 9. e4 Qc7 10. h3 h6 11. exd5 exd5 12. Nb3 Bb6 13. Bc2 Re8 14. Qd3 Be6 15. Nbd4 Rad8 16. Be3 Bxd4 17. Bxd4 Nxd4 18. Nxd4 Bd7 19. Rad1 Qb6 20. Rb1 Re5 21. Rfd1 Rde8 22. Qf3 g6 23. Bb3 g5 24. Bc2 Qc7 25. Bd3 Ba4 26. b3 Bd7 27. Rbc1 Qb6 28. Kf1 R5e7 29. Bf5 Bb5+ 30. Bd3 Bd7 31. Bf5 1/2-1/2

[Event "CRO-chT2 Center 26th"]
[Site "Croatia"]
[Date "2017.04.02"]
[Round "3.12"]
[White "Ilic, Ognjen"]
[Black "Mulugeta, Danijel"]
[Result "1/2-1/2"]
[WhiteElo "2108"]
[BlackElo "2287"]
[PlyCount "144"]
[EventDate "2017.03.26"]
[EventType "team-tourn"]
[EventRounds "11"]
[EventCountry "CRO"]
[SourceTitle "EXT 2019"]
[Source "ChessBase"]
[SourceDate "2018.10.10"]
[SourceVersion "1"]
[SourceVersionDate "2018.10.10"]
[SourceQuality "1"]

1. d4 Nf6 2. Nf3 e6 3. Bg5 h6 4. Bh4 d6 5. Nbd2 g5 6. Bg3 Nh5 7. e3 Bg7 8. Bd3 Nd7 9. c3 Qe7 10. 0-0 0-0 11. Ne1 Nxg3 12. fxg3 c5 13. Nc2 b6 14. Qf3 Rb8 15. g4 Bb7 16. Qg3 e5 17. d5 e4 18. Bxe4 Ba6 19. Rfd1 Nf6 20. Bf5 Rfe8 21. e4 h5 22. gxh5 Nxh5 23. Qh3 Nf6 24. Re1 Qe5 25. Ne3 b5 26. a3 Kf8 27. Ng4 Qf4 28. Qe3 Nxd5 29. Qxf4 Nxf4 30. Nf3 f6 31. Rad1 Rbd8 32. g3 Ne6 33. Rd2 Kf7 34. Red1 Bf8 35. Ne3 Ng7 36. Nd5 Nxf5 37. exf5 g4 38. Nh4 Bh6 39. Nc7 Bxd2 40. Rxd2 Bc8 41. Nxe8 Kxe8 42. Kf2 Kf7 43. Ke3 Bb7 44. Kf4 d5 45. Kxg4 Re8 46. Kf4 Re4+ 47. Kf3 d4 48. Kf2 Ke7 49. Re2 dxc3 50. Rxe4+ Bxe4 51. bxc3 a5 52. Ke3 Bb1 53. Kd2 Kf7 54. g4 Be4 55. Ng6 b4 56. cxb4 cxb4 57. axb4 axb4 58. Nf4 Bf3 59. h3 Ke7 60. Nd3 Bg2 61. Nf4 Bf1 62. Ke1 Bc4 63. Kd2 Bf1 64. h4 Kf7 65. Kc2 Bc4 66. Nd3 Bd5 67. Nxb4 Bf3 68. g5 fxg5 69. hxg5 Be4+ 70. Kd2 Bxf5 71. Ke3 Kg6 72. Kf4 Bb1 1/2-1/2

[Event "CRO-chT2 Center 26th"]
[Site "Croatia"]
[Date "2017.03.26"]
[Round "2.14"]
[White "Mihalincic, Tomislav"]
[Black "Ilic, Ognjen"]
[Result "1-0"]
[WhiteElo "2246"]
[BlackElo "2108"]
[PlyCount "63"]
[EventDate "2017.03.26"]
[EventType "team-tourn"]
[EventRounds "11"]
[EventCountry "CRO"]
[SourceTitle "EXT 2019"]
[Source "ChessBase"]
[SourceDate "2018.10.10"]
[SourceVersion "1"]
[SourceVersionDate "2018.10.10"]
[SourceQuality "1"]

1. e4 e5 2. Nf3 Nf6 3. Nxe5 d6 4. Nf3 Nxe4 5. d4 d5 6. Bd3 Be7 7. 0-0 Nc6 8. c4 Nf6 9. Nc3 Bg4 10. Be3 0-0 11. a3 a5 12. b3 Re8 13. h3 Bh5 14. g4 Bg6 15. Bxg6 hxg6 16. Ne5 Bd6 17. f4 dxc4 18. bxc4 Nd7 19. Qf3 Nf8 20. Nb5 Qh4 21. Rae1 Bxe5 22. fxe5 Qe7 23. g5 Nd8 24. Qg3 Ra6 25. d5 Nh7 26. d6 cxd6 27. exd6 Qe5 28. Qxe5 Rxe5 29. Bf4 Rxe1 30. Rxe1 Nf8 31. Re8 Nde6 32. d7 1-0

[Event "CRO-chT2 Center 25th"]
[Site "Croatia"]
[Date "2016.10.23"]
[Round "10.22"]
[White "Ilic, Ognjen"]
[Black "Medic, Mirjana"]
[Result "1/2-1/2"]
[WhiteElo "2108"]
[BlackElo "2166"]
[PlyCount "48"]
[EventDate "2016.03.13"]
[EventType "team-tourn"]
[EventRounds "11"]
[EventCountry "CRO"]
[SourceTitle "EXT 2019"]
[Source "ChessBase"]
[SourceDate "2018.10.10"]
[SourceVersion "1"]
[SourceVersionDate "2018.10.10"]
[SourceQuality "1"]

1. d4 e6 2. Nf3 d5 3. g3 f5 4. Bg2 Nf6 5. 0-0 Bd6 6. c4 c6 7. b3 Qe7 8. Bb2 0-0 9. Nbd2 b6 10. Ne5 Bb7 11. Ndf3 c5 12. e3 Na6 13. Qe2 Rac8 14. Rfd1 Rfd8 15. Ne1 Nb8 16. N1d3 Ne4 17. Rac1 Nd7 18. Nxd7 Rxd7 19. dxc5 bxc5 20. Nf4 Qf7 21. Bxe4 dxe4 22. Rd2 e5 23. Nd5 Rcd8 24. Rcd1 Bc6 1/2-1/2

[Event "CRO-chT2 Center 25th"]
[Site "Croatia"]
[Date "2016.04.10"]
[Round "4.33"]
[White "Ilic, Ognjen"]
[Black "Ivekovic, Bozidar1111"]
[Result "0-1"]
[WhiteElo "2108"]
[BlackElo "2362"]
[PlyCount "80"]
[EventDate "2016.03.13"]
[EventType "team-tourn"]
[EventRounds "11"]
[EventCountry "CRO"]
[SourceTitle "EXT 2019"]
[Source "ChessBase"]
[SourceDate "2018.10.10"]
[SourceVersion "1"]
[SourceVersionDate "2018.10.10"]
[SourceQuality "1"]

1. d4 Nf6 2. Nf3 g6 3. Bg5 Bg7 4. Nbd2 d5 5. e3 0-0 6. c3 c5 7. dxc5 Qc7 8. Be2 Qxc5 9. 0-0 Rd8 10. Qb3 Nc6 11. Rfd1 h6 12. Bh4 g5 13. Bg3 Nh5 14. Bc7 Rd7 15. Nd4 Rxc7 16. Bxh5 e5 17. Nxc6 bxc6 18. Bf3 Rb7 19. Qc2 Be6 20. Rac1 Qa5 21. b4 Qa6 22. Nb3 Bf8 23. e4 Rd8 24. exd5 cxd5 25. Be4 Rc7 26. Bh7+ Kh8 27. Bd3 Qc8 28. Qd2 Kg8 29. Qe3 f6 30. Qe2 Rxc3 31. Qh5 Bg7 32. Rxc3 Qxc3 33. Nc5 Bc8 34. Qg6 Qxb4 35. Ne4 Qb6 36. Ng3 f5 37. Nxf5 Qxg6 38. Ne7+ Kf7 39. Nxg6 Bf6 40. f3 e4 0-1

[Event "CRO-chT2 Center 23rd"]
[Site "Grubisno Polje"]
[Date "2014.09.14"]
[Round "9.63"]
[White "Margeta, Zeljko"]
[Black "Ilic, Ognjen"]
[Result "1-0"]
[WhiteElo "2042"]
[BlackElo "2136"]
[PlyCount "99"]
[EventDate "2014.03.02"]
[EventType "team-match"]
[EventRounds "11"]
[EventCountry "CRO"]
[SourceTitle "EXT 2016"]
[Source "ChessBase"]
[SourceDate "2015.10.08"]
[SourceVersion "1"]
[SourceVersionDate "2015.10.08"]
[SourceQuality "1"]

1. d4 d5 2. Nf3 Nf6 3. c3 g6 4. Bf4 Bg7 5. h3 0-0 6. e3 c5 7. Be2 Qb6 8. Qb3 Nc6 9. Na3 Qxb3 10. axb3 cxd4 11. exd4 Bf5 12. b4 a6 13. 0-0 Rfd8 14. Rfe1 Ne4 15. Nb1 h6 16. Nbd2 Nxd2 17. Nxd2 Kh7 18. Nb3 Ra7 19. Bc7 Re8 20. Bf3 Be4 21. Bxe4 dxe4 22. Rxe4 b5 23. Bb6 Rb7 24. Bc5 Ra8 25. f4 e6 26. Bd6 Rba7 27. Bc5 Rb7 28. Ree1 Bf6 29. Ra2 Rd7 30. Rd1 Nb8 31. Ra5 Rb7 32. Bd6 Bd8 33. Ra2 Bc7 34. Bxc7 Rxc7 35. Nc5 Rca7 36. Kf2 Kg7 37. Kf3 Kf6 38. g4 Ke7 39. Ke4 Kd6 40. h4 f6 41. Kd3 Re7 42. Re1 Kd5 43. b3 Kd6 44. Rae2 e5 45. fxe5+ fxe5 46. Rxe5 Rxe5 47. Rxe5 a5 48. bxa5 Nc6 49. Re6+ Kc7 50. b4 1-0

[Event "CRO-chT2 Center"]
[Site "Zagreb"]
[Date "2010.03.28"]
[Round "4.35"]
[White "Jazvic, Ivan"]
[Black "Ilic, Ognjen"]
[Result "1/2-1/2"]
[WhiteElo "1923"]
[BlackElo "2142"]
[PlyCount "88"]
[EventDate "2010.03.21"]
[EventType "team-tourn"]
[EventRounds "11"]
[EventCountry "CRO"]
[SourceTitle "EXT 2012"]
[Source "ChessBase"]
[SourceDate "2011.11.24"]
[SourceVersion "1"]
[SourceVersionDate "2011.11.24"]
[SourceQuality "1"]

1. e4 e5 2. Nf3 Nf6 3. Bc4 Nxe4 4. Qe2 d5 5. d3 Nf6 6. Nxe5 Be7 7. Bb3 0-0 8. 0-0 c5 9. c3 Nc6 10. Bg5 Re8 11. Nxc6 bxc6 12. h3 Ng4 13. Re1 f6 14. Bf4 Ne5 15. Nd2 Ng6 16. Bg3 Bf5 17. Qf3 Qd7 18. Re2 Be6 19. Rae1 Bf7 20. Ba4 Kf8 21. d4 cxd4 22. cxd4 Bb4 23. Rxe8+ Rxe8 24. Rxe8+ Bxe8 25. Nf1 Qe7 26. Qb3 Bd6 27. Bxd6 Qxd6 28. Ne3 Nf4 29. Qb7 Ne2+ 30. Kh1 Nxd4 31. Qxa7 Qb4 32. Kh2 Qxb2 33. Qc5+ Kf7 34. Nxd5 Qb8+ 35. f4 cxd5 36. Qxd4 Bxa4 37. Qxd5+ Kf8 38. Qc5+ Ke8 39. Qc4 Qb5 40. Qg8+ Ke7 41. Qxg7+ Ke6 42. Qg8+ Kf5 43. Qxh7+ Kxf4 44. Qh4+ Ke5 1/2-1/2

[Event "CRO-chT2b"]
[Site "Croatia"]
[Date "2009.10.18"]
[Round "7"]
[White "Ilic, Ognjen"]
[Black "Milosevic, Sanjin"]
[Result "1/2-1/2"]
[WhiteElo "2167"]
[BlackElo "2127"]
[PlyCount "55"]
[EventDate "2009.03.01"]
[EventType "team-tourn"]
[EventRounds "11"]
[EventCountry "CRO"]
[SourceTitle "EXT 2011"]
[Source "ChessBase"]
[SourceDate "2010.11.26"]
[SourceVersion "1"]
[SourceVersionDate "2010.11.26"]
[SourceQuality "1"]

1. d4 Nf6 2. c4 g6 3. g3 Bg7 4. Bg2 0-0 5. Nf3 d6 6. 0-0 c5 7. dxc5 dxc5 8. Qxd8 Rxd8 9. Nc3 Nc6 10. Be3 Be6 11. Bxc5 Nd7 12. Ba3 Bxc4 13. Rfe1 e6 14. Rad1 Rac8 15. Rd2 b5 16. Red1 b4 17. Bxb4 Nxb4 18. Rxd7 Rxd7 19. Rxd7 Nxa2 20. Nxa2 Bxa2 21. Rxa7 Rc1+ 22. Bf1 Bd5 23. Ng5 f6 24. Nf7 Bf8 25. Rd7 Rb1 26. Nd6 Bxd6 27. Rxd6 Rxb2 28. f3 1/2-1/2

[Event "CRO-chT2b"]
[Site "Croatia"]
[Date "2009.03.08"]
[Round "4"]
[White "Ilic, Ognjen"]
[Black "Gazarek, Danko"]
[Result "0-1"]
[WhiteElo "2182"]
[BlackElo "2301"]
[PlyCount "62"]
[EventDate "2009.03.01"]
[EventType "team-tourn"]
[EventRounds "11"]
[EventCountry "CRO"]
[SourceTitle "EXT 2010"]
[Source "ChessBase"]
[SourceDate "2010.11.25"]
[SourceVersion "1"]
[SourceVersionDate "2010.11.25"]
[SourceQuality "1"]

1. d4 Nf6 2. c4 c5 3. Nf3 cxd4 4. Nxd4 e5 5. Nb5 d5 6. cxd5 Bc5 7. e3 0-0 8. N5c3 e4 9. Be2 Qe7 10. Nd2 Bf5 11. a3 a6 12. b4 Ba7 13. Bb2 Rd8 14. Nf1 Bg6 15. Ng3 Nbd7 16. h4 h6 17. h5 Bh7 18. Qb3 Rac8 19. Rd1 Bb8 20. Rh3 Ne5 21. Na4 Nd3+ 22. Bxd3 exd3 23. Nc5 Nxd5 24. Nxd3 Bxd3 25. Rxd3 Nf4 26. Rxd8+ Rxd8 27. Nf5 Qe4 28. Nxh6+ gxh6 29. Rg3+ Kf8 30. Bg7+ Ke8 31. Kf1 Qc4+ 0-1

[Event "CRO-chT2 Center"]
[Site "Zagreb"]
[Date "2005.05.08"]
[Round "4.4"]
[White "Ilic, Ognjen"]
[Black "Kuljasevic, Davorin"]
[Result "0-1"]
[WhiteElo "2229"]
[BlackElo "2431"]
[PlyCount "62"]
[EventDate "2005.04.03"]
[EventType "team-tourn"]
[EventRounds "11"]
[EventCountry "CRO"]
[SourceTitle "EXT 2007"]
[Source "ChessBase"]
[SourceDate "2006.11.23"]
[SourceVersion "1"]
[SourceVersionDate "2006.11.23"]
[SourceQuality "1"]

1. d4 Nf6 2. c4 g6 3. Nf3 Bg7 4. g3 0-0 5. Bg2 d6 6. 0-0 Nc6 7. Nc3 a6 8. e4 Bg4 9. h3 Bxf3 10. Bxf3 e5 11. d5 Nd4 12. Bg2 Nd7 13. Be3 c5 14. dxc6 bxc6 15. b4 c5 16. b5 Nb6 17. Qd3 axb5 18. cxb5 Ra3 19. Kh2 f5 20. Bc1 Ra5 21. f3 f4 22. g4 Qd7 23. a4 Rfa8 24. Bd2 c4 25. Qb1 Nb3 26. Ra2 Nxa4 27. Nxa4 Rxa4 28. Rb2 Qxb5 29. Rd1 Qc5 30. Bf1 Ra1 31. Qc2 Qf2+ 0-1

[Event "CRO-chT2 Center"]
[Site "Zagreb"]
[Date "2005.04.24"]
[Round "3.3"]
[White "Maltar, Alberto"]
[Black "Ilic, Ognjen"]
[Result "1/2-1/2"]
[WhiteElo "2129"]
[BlackElo "2229"]
[PlyCount "63"]
[EventDate "2005.04.03"]
[EventType "team-tourn"]
[EventRounds "11"]
[EventCountry "CRO"]
[SourceTitle "EXT 2007"]
[Source "ChessBase"]
[SourceDate "2006.11.23"]
[SourceVersion "1"]
[SourceVersionDate "2006.11.23"]
[SourceQuality "1"]

1. Nf3 d5 2. c4 e6 3. d4 c5 4. e3 Nc6 5. Nc3 Nf6 6. dxc5 Bxc5 7. cxd5 exd5 8. a3 a6 9. b4 Be7 10. b5 axb5 11. Bxb5 0-0 12. 0-0 Bg4 13. h3 Be6 14. Bb2 Qb6 15. a4 Rfd8 16. Ne2 Ne4 17. Nfd4 Bd7 18. Rb1 Nxd4 19. Bxd4 Qa5 20. f3 Nd6 21. Bc3 Qa7 22. Qd4 Nf5 23. Qxa7 Rxa7 24. Bd4 Nxd4 25. Nxd4 g6 26. Rfc1 b6 27. Bxd7 Rdxd7 28. Rc8+ Kg7 29. Rxb6 Rxa4 30. Rbb8 Ra1+ 31. Kh2 Re1 32. Rg8+ 1/2-1/2

[Event "Zagreb op"]
[Site "Zagreb"]
[Date "1998.01.06"]
[Round "4"]
[White "Feletar, Darko"]
[Black "Ilic, Ognjen"]
[Result "1/2-1/2"]
[WhiteElo "2355"]
[BlackElo "2255"]
[PlyCount "75"]
[EventDate "1998.01.03"]
[EventType "swiss"]
[EventRounds "9"]
[EventCountry "CRO"]
[SourceTitle "CBM 062 Extra"]
[Source "ChessBase"]
[SourceDate "1998.03.09"]
[SourceVersion "1"]
[SourceVersionDate "1998.03.09"]
[SourceQuality "1"]

1. d4 d5 2. c4 e6 3. Nf3 c5 4. cxd5 exd5 5. Nc3 Nc6 6. g3 Nf6 7. Bg2 Be7 8. 0-0 0-0 9. Bg5 cxd4 10. Nxd4 Qb6 11. Nb3 Be6 12. Be3 Qd8 13. Rc1 Qd7 14. Bc5 Rfd8 15. Bxe7 Qxe7 16. Nd4 Rac8 17. e3 Bg4 18. Qa4 Qd7 19. a3 Bh3 20. Rfd1 Bxg2 21. Kxg2 h6 22. h3 Qe7 23. Nf3 Rd7 24. Nb5 a6 25. Nbd4 Rdc7 26. Nxc6 Rxc6 27. Rxc6 Rxc6 28. Qd4 Rc2 29. Rd2 Qc7 30. Rxc2 Qxc2 31. Nd2 Ne4 32. Nxe4 dxe4 33. Qd8+ Kh7 34. Qb6 Qe2 35. Qxb7 Qf3+ 36. Kg1 Qd1+ 37. Kh2 Qf3 38. Kg1 1/2-1/2

[Event "Zagreb op"]
[Site "Zagreb"]
[Date "1997.??.??"]
[Round "7"]
[White "Sale, Srdjan"]
[Black "Ilic, Ognjen"]
[Result "1-0"]
[WhiteElo "2425"]
[BlackElo "2245"]
[PlyCount "121"]
[EventDate "1997.??.??"]
[EventType "swiss"]
[EventRounds "9"]
[EventCountry "CRO"]
[SourceTitle "EXT 1999"]
[Source "ChessBase"]
[SourceDate "1998.11.16"]
[SourceVersion "1"]
[SourceVersionDate "1998.11.16"]
[SourceQuality "1"]

1. Nf3 Nf6 2. g3 g6 3. b3 Bg7 4. Bb2 0-0 5. Bg2 d5 6. c4 c6 7. d3 Nbd7 8. 0-0 Re8 9. Nbd2 e5 10. cxd5 cxd5 11. Qc2 a5 12. Rac1 Bf8 13. a4 Bd6 14. Nb1 Nb6 15. Nc3 Bd7 16. d4 e4 17. Ne5 Bf5 18. Qd2 Ng4 19. Nb5 Bb4 20. Bc3 Bxc3 21. Qxc3 Nxe5 22. dxe5 Nd7 23. Qb2 Rxe5 24. Rc7 Re7 25. Rxb7 Nc5 26. Rxe7 Qxe7 27. Rc1 Na6 28. Qd4 Be6 29. h4 h5 30. f3 exf3 31. Bxf3 Qb4 32. Qxb4 Nxb4 33. Kf2 Rc8 34. Rxc8+ Bxc8 35. Ke3 Bf5 36. Kd4 Bc2 37. Kc3 Bf5 38. Nd4 Bd7 39. e3 Kf8 40. Nc2 Na2+ 41. Kb2 Bf5 42. Bxd5 Bxc2 43. Kxa2 Ke7 44. Kb2 Bd1 45. b4 axb4 46. a5 Be2 47. Kb3 f6 48. Kxb4 Kd6 49. Bb7 Kc7 50. a6 Kb6 51. Kc3 g5 52. Kd4 gxh4 53. gxh4 Bg4 54. Kc4 Be2+ 55. Kd5 Bg4 56. Kd6 f5 57. Ke5 Kc7 58. Kf4 Kb8 59. Bd5 Be2 60. Bf3 Bxa6 61. Bxh5 1-0